[Event "Sebes Romanian Rapid op"]
[Site "Sebes"]
[Date "2022.12.02"]
[Round "8"]
[White "Lupulescu, Adrian Calin"]
[Black "Vajda, Mihaly"]
[Result "1-0"]
[WhiteElo "1930"]
[BlackElo "1756"]
[PlyCount "73"]
[EventDate "2022.12.02"]
[EventType "swiss (rapid)"]
[EventRounds "8"]
[EventCountry "ROU"]
[SourceTitle "CBM 211 Extra"]
[Source "ChessBase"]
[SourceDate "2023.01.31"]
[SourceVersion "1"]
[SourceVersionDate "2023.01.31"]
[SourceQuality "1"]

1. d4 d5 2. Nf3 c6 3. g3 Nf6 4. Bg2 Bf5 5. 0-0 e6 6. Nbd2 Bd6 7. b3 h6 8. Bb2 0-0 9. c4 Ne4 10. Nxe4 Bxe4 11. Nd2 Bxg2 12. Kxg2 Nd7 13. e4 dxe4 14. Nxe4 Be7 15. Qe2 Nf6 16. Nc3 Qc7 17. Rfe1 Rfe8 18. Rad1 Rad8 19. a3 a6 20. Rc1 Qb6 21. b4 Qc7 22. Red1 Qb8 23. Qf3 Rd7 24. Ne2 Red8 25. Nf4 Qa8 26. Nd3 Bd6 27. d5 exd5 28. Bxf6 gxf6 29. cxd5 Be7 30. Nf4 c5 31. bxc5 Qc8 32. Nh5 Kh7 33. d6 Bxd6 34. cxd6 Qb8 35. Nxf6+ Kg7 36. Nxd7 Rxd7 37. Qg4+ 1-0

[Event "Targu Mures op 3rd"]
[Site "Targu Mures"]
[Date "2022.06.11"]
[Round "9"]
[White "Voiteanu, Christian Gabriel"]
[Black "Vajda, Mihaly"]
[Result "1-0"]
[WhiteElo "2189"]
[BlackElo "1685"]
[PlyCount "61"]
[EventDate "2022.06.05"]
[EventType "swiss"]
[EventRounds "9"]
[EventCountry "ROU"]
[SourceTitle "EXT 2024"]
[Source "ChessBase"]
[SourceDate "2023.10.10"]
[SourceVersion "1"]
[SourceVersionDate "2023.10.10"]
[SourceQuality "1"]

1. d4 e6 2. c4 f5 3. Nc3 Nf6 4. Nf3 Bb4 5. Qc2 b6 6. g3 Bb7 7. Bg2 0-0 8. 0-0 Bxc3 9. Qxc3 d6 10. b3 Nbd7 11. d5 e5 12. Ng5 Re8 13. Ne6 Qc8 14. Bh3 g6 15. Qe3 Nf8 16. Bxf5 Nxe6 17. Bxe6+ Rxe6 18. dxe6 Qxe6 19. f3 a5 20. Bb2 a4 21. Qd2 Kg7 22. e4 Qe8 23. Qd3 Qc6 24. b4 Bc8 25. Rac1 Bh3 26. Rfd1 g5 27. c5 b5 28. Qe3 dxc5 29. Rxc5 Qb6 30. Qxg5+ Kf7 31. Qxe5 1-0